| 000 | 00985nam a2200361 a 4500 | ||
|---|---|---|---|
| 003 | AR-BaBNM | ||
| 005 | 20251128204008.0 | ||
| 008 | 082120s2002 ||||||||||||||000 | spa|| | ||
| 040 | _cAR-BaBNM | ||
| 245 | 0 | 0 |
_aLomas de Zamora _bvisión histórico-social |
| 260 |
_aBuenos Aires _bFundación Banco de Boston _c1990 |
||
| 300 |
_a95 p. _bláms. |
||
| 490 | 0 |
_aCuadernos del águila _vv. 14 |
|
| 650 | 4 | _aHISTORIA DE BUENOS AIRES | |
| 650 | 4 | _aCOSTUMBRES Y TRADICIONES | |
| 650 | 4 | _aMONUMENTOS HISTORICOS | |
| 650 | 4 | _aBIENES CULTURALES | |
| 650 | 4 | _aARQUITECTURA | |
| 650 | 4 | _aURBANISMO | |
| 650 | 4 | _aEDIFICIOS | |
| 650 | 4 | _aVIDA SOCIAL | |
| 650 | 4 | _aVIDA CULTURAL | |
| 650 | 4 | _aINMIGRANTES | |
| 650 | 4 | _aBARRIOS | |
| 700 | 1 | _aBujan, Luis Oscar | |
| 700 | 1 | _aCalvo, Angel José E. | |
| 700 | 1 | _aE.G. D'Ascanio, Claudia | |
| 700 | 1 | _aPaula, Alberto S.J. de | |
| 700 | 1 | _aEpifanio, Haydée | |
| 700 | 1 | _aGrassi, Alfredo H. | |
| 942 | _cBK | ||
| 998 | _cMARTIN | ||
| 999 |
_c5767 _d5767 |
||